US States with the most Dutch Ancestry - Statistics

General Stats
  • This quiz has been taken 73 times
  • The average score is 11 of 15
Answer Stats
Percentage Of The Population State % Correct
4.29% Michigan
87%
3,71% Iowa
84%
1.85% Montana
82%
1.63% Minnesota
80%
4.31% South Dakota
79%
2.28% Wisconsin
79%
1.79% Idaho
77%
1.63% Indiana
77%
1.69% Wyoming
75%
1.66% Nebraska
72%
1.75% Washington
70%
1.50% Kansas
69%
1.79% Oregon
67%
1.87% Utah
67%
1.52% Colorado
54%
No matching quizzes found
Score Distribution
Percent of People with Each Score
Percentile by Number Answered
Your Score History
You have not taken this quiz